Normal view
MARC view
Entry Topical Term
001 - CONTROL NUMBER
- control field: 3812
003 - CONTROL NUMBER IDENTIFIER
- control field: ARRUPE
005 - DATE AND TIME OF LATEST TRANSACTION
- control field: 20131126113403.0
008 - FIXED-LENGTH DATA ELEMENTS
- fixed length control field: 131126|| aca||aabn | a|a d
040 ## - CATALOGING SOURCE
- Original cataloging agency: ARRUPE
- Transcribing agency: ARRUPE
150 ## - HEADING--TOPICAL TERM
- Topical term or geographic name as entry element: Emotions.
670 ## - SOURCE DATA FOUND
- Source citation: Work cat.: (ARRUPE)0: Gendlin, Eugene T., 1926- 3810, Focusing /, 1981.